<?xml version='1.0' encoding='UTF-8'?>
  <record xmlns="http://www.loc.gov/MARC21/slim">
    <leader>00000cam a22000007i 4500</leader>
    <controlfield tag="001">on1428544932</controlfield>
    <controlfield tag="003">OCoLC</controlfield>
    <controlfield tag="005">20240709160802.1</controlfield>
    <controlfield tag="008">240403s1586    sz a          001 0 lat d</controlfield>
    <datafield tag="040" ind1=" " ind2=" ">
      <subfield code="a">QGJ</subfield>
      <subfield code="b">eng</subfield>
      <subfield code="e">rda</subfield>
      <subfield code="e">dcrmr</subfield>
      <subfield code="c">QGJ</subfield>
      <subfield code="d">OCLCO</subfield>
      <subfield code="d">QGJ</subfield>
      <subfield code="d">OCLCO</subfield>
      <subfield code="d">QGJ</subfield>
      <subfield code="d">OCLCQ</subfield>
    </datafield>
    <datafield tag="035" ind1=" " ind2=" ">
      <subfield code="a">(OCoLC)1428544932</subfield>
    </datafield>
    <datafield tag="100" ind1="1" ind2=" ">
      <subfield code="a">Hotman, François,</subfield>
      <subfield code="d">1524-1590,</subfield>
      <subfield code="e">author.</subfield>
      <subfield code="4">aut</subfield>
      <subfield code="1">https://id.oclc.org/worldcat/entity/E39PBJx4hJ9bt4Xw3JBX4WvmBP</subfield>
    </datafield>
    <datafield tag="245" ind1="1" ind2="0">
      <subfield code="a">Brutum fulmen Papae Sixti V. aduersus Henricum Sereniss. Regem Nauarr[a]e, :</subfield>
      <subfield code="b">&amp; illustrissimum Henricum Borbonium, Principem Condaeum. Una cum protestatione multiplicis nullitatis.</subfield>
    </datafield>
    <datafield tag="246" ind1="3" ind2=" ">
      <subfield code="a">Brvtvm fvlmen Papae Sixti V. aduersus Henricum Sereniss. Regem Nauarrae</subfield>
    </datafield>
    <datafield tag="246" ind1="3" ind2=" ">
      <subfield code="a">Brutum fulmen Papae Sixti V. adversus Henricum Sereniss. Regem Navarrae</subfield>
    </datafield>
    <datafield tag="264" ind1=" " ind2="1">
      <subfield code="a">[Basel?] :</subfield>
      <subfield code="b">[publisher not identified],</subfield>
      <subfield code="c">[1586]</subfield>
    </datafield>
    <datafield tag="300" ind1=" " ind2=" ">
      <subfield code="a">234, [21] pages :</subfield>
      <subfield code="b">illustrations ;</subfield>
      <subfield code="c">16 cm (8vo)</subfield>
    </datafield>
    <datafield tag="336" ind1=" " ind2=" ">
      <subfield code="a">text</subfield>
      <subfield code="b">txt</subfield>
      <subfield code="2">rdacontent</subfield>
    </datafield>
    <datafield tag="337" ind1=" " ind2=" ">
      <subfield code="a">unmediated</subfield>
      <subfield code="b">n</subfield>
      <subfield code="2">rdamedia</subfield>
    </datafield>
    <datafield tag="338" ind1=" " ind2=" ">
      <subfield code="a">volume</subfield>
      <subfield code="b">nc</subfield>
      <subfield code="2">rdacarrier</subfield>
    </datafield>
    <datafield tag="340" ind1=" " ind2=" ">
      <subfield code="m">8vo</subfield>
      <subfield code="2">rdabf</subfield>
    </datafield>
    <datafield tag="500" ind1=" " ind2=" ">
      <subfield code="a">Date of publication taken from Van Someren (Rijksuniversiteit te Utrecht. Pamfletten).</subfield>
    </datafield>
    <datafield tag="500" ind1=" " ind2=" ">
      <subfield code="a">Place of publication taken from Weller.</subfield>
    </datafield>
    <datafield tag="500" ind1=" " ind2=" ">
      <subfield code="a">A satirical vindication by Fraçois Hotman of Henry IV and Condé from their excommunication by Pope Sixtus V. It advocated the abolition of Salic law and proposed that the French monarchy should be elective. The papacy took this popular squib very seriously and put it in the first class of the Index.</subfield>
    </datafield>
    <datafield tag="500" ind1=" " ind2=" ">
      <subfield code="a">The bull of Sixtus V ([14] pages following page 234) has a separate title page: Sanctiss. D.N. Sixti Papae V. declaratio, Contra Henricum Borbonium assertum Regem Nauarre, &amp; Henricum item Borbonium, praetensum Principem Condensem, haereticos, eorumq́[ue] posteros &amp; successores: ac liberatio subditorum, ab omni fidelitatis &amp; obsequij debito. Romae. Apud Haeredes Antonij Bladij Impressores Camerales. M.D.LXXXV.</subfield>
    </datafield>
    <datafield tag="500" ind1=" " ind2=" ">
      <subfield code="a">This work also published under imprint: "Lugduni Batauorum, ex officina Ioannis Paetsij. Anno M.D. LXXXVI." (see: Short Title Catalogue Netherlands, no. 840034059).</subfield>
    </datafield>
    <datafield tag="500" ind1=" " ind2=" ">
      <subfield code="a">Includes index.</subfield>
    </datafield>
    <datafield tag="500" ind1=" " ind2=" ">
      <subfield code="a">Errata on recto of leaf Q8.</subfield>
    </datafield>
    <datafield tag="500" ind1=" " ind2=" ">
      <subfield code="a">Woodcut illustration on recto of leaf Q4.</subfield>
    </datafield>
    <datafield tag="500" ind1=" " ind2=" ">
      <subfield code="a">Signatures: A-Q⁸.</subfield>
    </datafield>
    <datafield tag="500" ind1=" " ind2=" ">
      <subfield code="a">Contains an initial and a head-piece.</subfield>
    </datafield>
    <datafield tag="500" ind1=" " ind2=" ">
      <subfield code="a">Errors in pagination: page 17 numbered 37; page 136 numbered 36; page 219 numbered 119.</subfield>
    </datafield>
    <datafield tag="510" ind1="4" ind2=" ">
      <subfield code="a">Verzeichnis der im deutschen Sprachbereich erschienenen Drucke des 16. Jahrhunderts (VD 16),</subfield>
      <subfield code="c">K 511</subfield>
      <subfield code="u">https://gateway-bayern.de/VD16+K+511</subfield>
    </datafield>
    <datafield tag="510" ind1="4" ind2=" ">
      <subfield code="a">Adams, H.M. Catalogue of books printed on the continent of Europe, 1501-1600, in Cambridge libraries,</subfield>
      <subfield code="c">H 1056</subfield>
    </datafield>
    <datafield tag="510" ind1="4" ind2=" ">
      <subfield code="a">Rijksuniversiteit te Utrecht. Pamfletten niet voorkomende in afzonderlijk gedrukte catalogi der verzamelingen in andere openbare Nederlandsche bibliotheken,</subfield>
      <subfield code="c">372</subfield>
    </datafield>
    <datafield tag="510" ind1="4" ind2=" ">
      <subfield code="a">Weller, E. Die falschen und fingirten Druckorte,</subfield>
      <subfield code="c">I, p. 248</subfield>
    </datafield>
    <datafield tag="600" ind1="0" ind2="0">
      <subfield code="a">Sixtus</subfield>
      <subfield code="b">V,</subfield>
      <subfield code="c">Pope,</subfield>
      <subfield code="d">1520-1590.</subfield>
    </datafield>
    <datafield tag="600" ind1="0" ind2="0">
      <subfield code="a">Henry</subfield>
      <subfield code="b">IV,</subfield>
      <subfield code="c">King of France,</subfield>
      <subfield code="d">1553-1610.</subfield>
    </datafield>
    <datafield tag="600" ind1="1" ind2="0">
      <subfield code="a">Condé, Henri I de Bourbon,</subfield>
      <subfield code="c">prince de,</subfield>
      <subfield code="d">1552-1588.</subfield>
    </datafield>
    <datafield tag="650" ind1=" " ind2="0">
      <subfield code="a">Church and state</subfield>
      <subfield code="z">France.</subfield>
    </datafield>
    <datafield tag="651" ind1=" " ind2="0">
      <subfield code="a">France</subfield>
      <subfield code="x">History</subfield>
      <subfield code="y">Wars of the Huguenots, 1562-1598.</subfield>
    </datafield>
    <datafield tag="651" ind1=" " ind2="6">
      <subfield code="a">France</subfield>
      <subfield code="x">Histoire</subfield>
      <subfield code="y">1562-1598 (Guerres de religion)</subfield>
    </datafield>
    <datafield tag="650" ind1=" " ind2="6">
      <subfield code="a">Église et État</subfield>
      <subfield code="z">France.</subfield>
    </datafield>
    <datafield tag="600" ind1="0" ind2="7">
      <subfield code="a">Henry</subfield>
      <subfield code="b">IV,</subfield>
      <subfield code="c">King of France,</subfield>
      <subfield code="d">1553-1610</subfield>
      <subfield code="2">fast</subfield>
      <subfield code="1">https://id.oclc.org/worldcat/entity/E39PBJqqCBHgdkX6wVwPt8rTHC</subfield>
    </datafield>
    <datafield tag="651" ind1=" " ind2="7">
      <subfield code="a">France</subfield>
      <subfield code="2">fast</subfield>
      <subfield code="1">https://id.oclc.org/worldcat/entity/E39PBJd8gD4vdtqQMdQHvYqbBP</subfield>
    </datafield>
    <datafield tag="647" ind1=" " ind2="7">
      <subfield code="a">Wars of the Huguenots</subfield>
      <subfield code="c">(France :</subfield>
      <subfield code="d">1562-1598)</subfield>
      <subfield code="2">fast</subfield>
      <subfield code="1">https://id.oclc.org/worldcat/entity/E39Qhp4vB9BhMy3bgGCqQGgxhb</subfield>
    </datafield>
    <datafield tag="648" ind1=" " ind2="7">
      <subfield code="a">1562-1598</subfield>
      <subfield code="2">fast</subfield>
    </datafield>
    <datafield tag="655" ind1=" " ind2="7">
      <subfield code="a">History</subfield>
      <subfield code="2">fast</subfield>
    </datafield>
    <datafield tag="710" ind1="2" ind2="2">
      <subfield code="i">Container of (work):</subfield>
      <subfield code="a">Catholic Church.</subfield>
      <subfield code="b">Pope (1585-1590 : Sixtus V).</subfield>
      <subfield code="t">Declaratio contra Henricum Borbonium.</subfield>
    </datafield>
    <datafield tag="752" ind1=" " ind2=" ">
      <subfield code="a">Switzerland</subfield>
      <subfield code="d">Basel,</subfield>
      <subfield code="e">publication place.</subfield>
      <subfield code="4">pup</subfield>
    </datafield>
  </record>